000 00786nas a2200289 4500
001 BR0600917
003 BR-BrBNA
005 20231205105842.0
007 ta
008 230509b bl.|||p| |||| 00| 00por d
040 _aBR-BrBNA
_bpor
_cBiblioteca Nacional de Agricultura
041 _a(Pt)
072 _aL73
100 1 _aSilva, M.C. da
100 1 _aFighera, R.A.
100 1 _aSouza, T.M. de
100 1 _aGraça, D.L.
100 1 _aBarros, C.S.L. de
245 1 _aAdenocarcinoma uretral em uma cadela
650 _aCÃO
650 _aTUMOR
650 _aURETRA
650 _aDOENÇA ANIMAL
773 0 _tCiência Rural (Brazil)
_xISSN 0103-8478
_g(Jul-Aug 2005), v. 35(4) p. 935-937
_wBR0600917
909 _a202311
_bLúcia
_c55
_dLúcia Elande
942 _2AGRIS
_n0
_cANA
999 _c185009
_d185009